000 00393cam a2200157ua 4500
041 _aeng
_h
082 _a155.4
_bRIB/RI
100 _aRibble, Margaret .
245 _aRights of Infants /
_cA Margaret Ribble.
_hTextual Documents
250 _a1 /
_b.
260 _aNew York :
_bCulumbia University Press ,
_c1960.
300 _a118 ; .
504 _a
942 _cBK
999 _c3513
_d3513